Statistics for Heroes of Might and Magic V Human Creatures

Click here to take the quiz!

General Stats

  • This quiz has been taken 24 times
  • The average score is 9 of 14

Answer Stats

LevelCreature% Correct
7Angel
100%
1Peasant
100%
7Archangel
100%
4Griffin
93%
2Archer
86%
6Paladin
79%
5Priest
64%
2Marksman
50%
1Conscript
43%
3Squire
43%
5Inquisitor
43%
6Cavalier
43%
3Footman
29%
4Imperial Griffin
29%

Score Distribution

Percentile by Number Answered

Percent of People with Each Score

Your Score History

You have not taken this quiz